000 00442nam a2200133 4500
001 1666
005 20181127163746.0
090 0 0 _a342.07 M4891i 2008
110 _aElection Commission of Bhutan.
_b
_c
_d
_e
_n
_p
245 0 0 _aInformation to media personnel for national assembly election 2008 /
_b
_cElection Commission of Bhutan.
_h
260 0 0 _aThimphu :
_bElection Commission of Bhutan,
_c2008.
300 0 0 _a40 p.
650 0 0 _aElection law --Bhutan.
_x
999 _c1250
_d1250